| 000 | 01343cam a22003011 4500 | ||
|---|---|---|---|
| 001 | he 68003985 | ||
| 003 | DLC | ||
| 005 | 20260227111507.0 | ||
| 008 | 880517s1965 is 000 0 heb | ||
| 010 | _ahe 68003985 | ||
| 035 | _a(OCoLC)17963223 | ||
| 040 |
_aDLC _cTxU _dTxU _dDLC |
||
| 042 | _apremarc | ||
| 050 | 0 | 0 |
_aDS110.R327 _bY3 |
| 245 | 0 | 0 |
_aYalkut le-ḥeker toldot ha-moshavah; _bla-talmid, la-noʻar, la-ʻolah vela-toshav. Mukdash le-ḥanukat mishkan ha-Arkhiyon veha-muzeʼon ha-yishuvi vele-ʻasor ha-rishon le-yisud "ha-Ḥug." |
| 260 |
_a[Ramat-ha-Sharon] _c1965. |
||
| 300 |
_a95 l. _c32 cm. |
||
| 500 | _aCover title: Yalkut Ramat-ha-Sharon; hashlamah le-sefer ha-moshavah. | ||
| 500 | _aAt head of title: ha-Moʻatsah ha-mekomit Ramat ha-Sharon, ha-Ḥug le-yediʻat ha-moshavah be-Ramat ha-Sharon, Arkhiyon u-muzeʼon yishuvi. | ||
| 500 | _a"Le-hashlim et yediʻat ha-moshavah ... me-az hofaʻat sefer ha-moshavah ve-'Mikraʼot'." | ||
| 500 | _aSupplement to Kressel, Getzel. Sefer Ramat-ha-Sharon, 682-722. | ||
| 651 | 0 | _aRamat ha-Sharon (Israel) | |
| 700 | 1 |
_aPicker, Josef, _d1897-1968. |
|
| 700 | 1 |
_aKressel, Getzel, _d1911-1986. _tSefer Ramat ha-Sharon. |
|
| 710 | 2 | _aha-Ḥug li-yediʻat ha-moshavah be-Ramat-ha-Sharon. | |
| 710 | 2 | _aArkhiyon u-muzeʼon yishuvi. | |
| 740 | 0 | _aYalkut Ramat-ha-Sharon. | |
| 999 |
_c34038 _d34038 |
||